Maestros de la felicidad : (Record no. 194045)

MARC details
000 -LEADER
campo de control de longitud fija 02133nam a2200361 i 4500
001 - NÚMERO DE CONTROL
campo de control 194045
003 - IDENTIFICADOR DE NÚMERO DE CONTROL
campo de control ES-GrU
005 - FECHA Y HORA DE LA ÚLTIMA TRANSACCIÓN
campo de control 20260114063026.0
007 - CAMPO FIJO DE DESCRIPCIÓN FÍSICA--INFORMACIÓN GENERAL
campo de control de longitud fija ta
008 - DATOS DE LONGITUD FIJA--INFORMACIÓN GENERAL
campo de control de longitud fija 240215s2023 sp f 000p0 spa|d
017 ## - NÚMERO DE COPYRIGHT O DE DEPÓSITO LEGAL
Número de copyright o de depósito legal B 19367-2023
Agencia que asigna Biblioteca de Catalunya
020 ## - NÚMERO INTERNACIONAL ESTÁNDAR DEL LIBRO
Número Internacional Estándar del Libro 9788419743916
040 ## - FUENTE DE CATALOGACIÓN
Centro catalogador/agencia de origen UGR
Normas de descripción rda
Lengua de catalogación spa
Centro/agencia transcriptor ES-MaACL
080 ## - NÚMERO DE LA CLASIFICACIÓN DECIMAL UNIVERSAL
Número de la Clasificación Decimal Universal 1
100 1# - ENTRADA PRINCIPAL--NOMBRE DE PERSONA
Nombre de persona Narbona, Rafael,
Fechas asociadas al nombre 1963-
Término indicativo de función/relación Autor
9 (RLIN) 242686
245 10 - MENCIÓN DEL TÍTULO
Título Maestros de la felicidad :
Resto del título de Sócrates a Viktor Frankl, un viaje único por la historia de la filosofía /
Mención de responsabilidad, etc. Rafael Narbona
250 ## - MENCION DE EDICION
Mención de edición Primera edición: enero de 2024.
264 #1 - PRODUCCIÓN, PUBLICACIÓN, DISTRIBUCIÓN, FABRICACIÓN Y COPYRIGHT
Producción, publicación, distribución, fabricación y copyright Barcelona :
Nombre del de productor, editor, distribuidor, fabricante Roca Editorial de Libros,
Fecha de producción, publicación, distribución, fabricación o copyright 2023
264 #4 - PRODUCCIÓN, PUBLICACIÓN, DISTRIBUCIÓN, FABRICACIÓN Y COPYRIGHT
Fecha de producción, publicación, distribución, fabricación o copyright ©2023
300 ## - DESCRIPCIÓN FÍSICA
Extensión 540 páginas ;
Dimensiones 23 cm
336 ## - TIPO DE CONTENIDO
Término de tipo de contenido texto
Código de tipo de contenido txt
Fuente rdacontent
337 ## - TIPO DE MEDIO
Nombre/término del tipo de medio sin mediación
Código del tipo de medio n
Fuente rdamedia
338 ## - TIPO DE SOPORTE
Nombre/término del tipo de soporte volumen
Código del tipo de soporte nc
Fuente rdacarrier
520 3# - RESUMEN, ETC.
Sumario, etc. Sinopsis: A lo largo de mi vida, mis terapeutas han sido Platón, Sócrates, Marco Aurelio, san Agustín y Viktor Frankl, entre otros. También pueden ser los tuyos.La razón me reveló que la tristeza es un desperdicio y que la inteligencia siempre tiende a la alegría. El pesimismo no es más que una perspectiva parcial y frente a él, el amor cura e invita al optimismo.Esto es lo que quiero compartir contigo: que el ser humano puede elegir, que no es una marioneta en manos de la fatalidad, que es posible encontrar esperanza, que el dolor psíquico puede superarse y que el optimismo no es signo de ingenuidad, sino un ejercicio de lucidez.Y la filosofía, lejos de ser una disciplina acabada, es la herramienta que nos ayuda a vivir mejor.
Fuente (Fuente: la editorial)
650 #7 - PUNTO DE ACCESO ADICIONAL DE MATERIA--TÉRMINO DE MATERIA
Término de materia o nombre geográfico como elemento de entrada Filosofía-
9 (RLIN) 158248
Subdivisión de forma Historia
852 ## - LOCALIZACIÓN
Ubicación ES-MaACL
Sublocalización o colección R.155060
Ubicación en estantería Depósito J
Número de control de estantería N-10127
Encuadernación Encuadernación rústica con solapas
Donativo/Legado Donación: Rafael Narbona
itemnumber 202183
Signatura antigua DB-11
Anotaciones manuscritas Dedicatoria autógrafa del autor
903 ## - NOMBRE PERSONAL DE DONANTE
a Narbona, Rafael,
d 1963-
e Donante
9 242686
942 ## - ELEMENTOS DE ENTRADA SECUNDARIOS (KOHA)
Tipo de ítem Koha Libro impreso
Suprimir en OPAC No
Holdings
Estatus retirado Estado de pérdida Fuente del sistema de clasificación o colocación Estado de daño No para préstamo Colección Biblioteca de origen Biblioteca actual Ubicación en estantería Fecha de adquisición Fuente de adquisición Total de préstamos Signatura topográfica completa Código de barras Visto por última vez Precio de reemplazo Tipo de ítem Koha Nota pública
    Clasificación decimal universal     Libros con dedicatorias Biblioteca del Ateneo de Madrid Biblioteca del Ateneo de Madrid Depósito J 07/05/2024 Donación   N-9834 101227494 07/05/2024 07/05/2024 Libro impreso Dedicatoria autógrafa del autor